Museus en xarxa : propostes per a la definició dels serveis de suport als museus locals des de la Diputació de Barcelona : document de síntesi propostes per a la definició dels serveis de suport als museus locals des de la Diputació de Barcelona :
Publicado:
Barcelona :
Diputació de Barcelona. Àrea de Cultura. Oficina de Patrimoni Cultural ,
2001
Descripción Física:
[23] p. : 30 cm
MARC
| LEADER | 00000nam a2200000Ia 4500 | ||
|---|---|---|---|
| 001 | 24404 | ||
| 008 | 160829s2001 xx 000 0 cat d | ||
| 080 | |a FU-66-5 | ||
| 245 | |a Museus en xarxa : |b propostes per a la definició dels serveis de suport als museus locals des de la Diputació de Barcelona : |b document de síntesi | ||
| 260 | |a Barcelona : |b Diputació de Barcelona. Àrea de Cultura. Oficina de Patrimoni Cultural, |c 2001 | ||
| 300 | |a [23] p. : |b 30 cm | ||
| 650 | |a Museus |x Barcelona (Província) |x Organització |9 50185 | ||
| 710 | 1 | |a Barcelona (Catalunya : Província). |b Oficina de Patrimoni Cultural |9 52675 | |
| 901 | |a Arxiu | ||
| 942 | |n 1 | ||
| 952 | |0 0 |1 0 |4 0 |6 FU665 |7 1 |9 55825 |a Arxiu |b Arxiu |d 2016-12-01 |l 0 |o FU-66-5 |p 24404 |r 2016-12-01 00:00:00 |w 2016-12-01 |y ARXIU | ||
| 999 | |c 59698 |d 59698 | ||